O pai mais horrível do mundo (Registo nº 33957)
[ vista simples ]
| 000 -Etiqueta do registo | |
|---|---|
| Valores | 00576nam a2200217 4500 |
| 010 ## - Número ISBN | |
| ISBN | 9789722073509 |
| 021 ## - Número do Depósito Legal | |
| Código do país | Portugal |
| Número | 486447/21 |
| 100 ## - Dados gerais de processamento | |
| Dados gerais | 20220609 frey50 |
| 101 ## - Língua de publicação | |
| Língua | Português |
| 102 ## - País de publicação | |
| País | Portugal |
| 200 ## - Titulo e menção de responsabilidade | |
| Título próprio | O pai mais horrível do mundo |
| Primeira menção de responsabilidade | João Miguel Tavares |
| Outras menções de responsabilidade | il. João Fazenda |
| 205 ## - Menção da edição | |
| Edição | 1ª. ed. |
| 210 ## - Publicação | |
| Local de publicação | Alfragide |
| Nome do editor | Dom Quixote |
| Data de publicação | 2021 |
| 215 ## - Descrição física | |
| Paginação / Volumes | [42] p. |
| Outras indicações físicas | il. |
| Dimensões | 23 cm |
| 700 ## - Autor principal | |
| Função | Autor |
| ID Autoridade | 5400 |
| Apelido | Tavares |
| Nome | João Miguel |
| 702 ## - Autor secundário | |
| Função | Ilustrador |
| ID Autoridade | 2934 |
| Apelido | Fazenda |
| Nome | João |
| Datas | 1979- |
| 801 ## - Fonte de origem | |
| País | PT |
| Regras de catalogação | RPC |
| 090 ## - Tipo de documento | |
| Koha biblioitem number (autogenerated) | 33957 |
| 990 ## - Elementos KOHA | |
| Tipo de documento | Livro |
| 994 ## - Estado da catalogação | |
| Situação | Completo |
| Situação do levantamento | Situação do extravio | Biblioteca de origem | Biblioteca de empréstimo | Código de barras | Cota | Permissão de empréstimo | Tipo de documento | Forma de aquisição |
|---|---|---|---|---|---|---|---|---|
| Completo | Biblioteca Municipal de Viana Do Alentejo | Biblioteca Municipal de Viana Do Alentejo | 0033684 | 087.5 TAV | Disponível | Livro | Compra | |
| Completo | Biblioteca Municipal de Viana Do Alentejo | Biblioteca Municipal de Viana Do Alentejo Pólo Aguiar | 0033761 | 087.5 TAV | Disponível | Livro | Compra | |
| Completo | Biblioteca Municipal de Viana Do Alentejo | Biblioteca Municipal de Viana Do Alentejo Pólo Aguiar | 0033685 | 087.5 TAV | Disponível | Livro | Compra |